Holiday dilemmas (Record no. 65647)

MARC details
000 -LEADER
fixed length control field 01152cam a2200217 4500
001 - CONTROL NUMBER
control field ABS63258
008 - FIXED-LENGTH DATA ELEMENTS--GENERAL INFORMATION
fixed length control field 000000n2000 000 0 eng u
035 ## - SYSTEM CONTROL NUMBER
System control number (Sirsi) u110056
100 ## - MAIN ENTRY--PERSONAL NAME
Personal name Bingham, T
245 ## - TITLE STATEMENT
Title Holiday dilemmas
260 ## - PUBLICATION, DISTRIBUTION, ETC.
Date of publication, distribution, etc. 2000
490 ## - SERIES STATEMENT
Series statement Building
Volume/sequential designation 265(8164) 1 December 2000, 59(1)
520 ## - SUMMARY, ETC.
Summary, etc. Discusses the case where Paul Costello, a self-employed carpenter working as a joiner for a subsidiary of George Wimpey, Midland and General Developments, claimed £1430 for holiday pay after working 32 weeks, under the Working Time Regulations. His claim was dismissed at the employment tribunal but his case is used by the article to highlight the problem regarding the definition of worker. The article looks at Paul Costello's case and the nature of his relationship with Midland and General Developments and examines how, if his circumstances had been slightly different, he might have won his claim.
590 ## - LOCAL NOTE (RLIN)
Local note ABS
650 ## - SUBJECT ADDED ENTRY--TOPICAL TERM
Topical term or geographic name entry element EMPLOYEE RIGHTS
650 ## - SUBJECT ADDED ENTRY--TOPICAL TERM
Topical term or geographic name entry element SELF EMPLOYMENT
650 ## - SUBJECT ADDED ENTRY--TOPICAL TERM
Topical term or geographic name entry element HOLIDAY PAY
650 ## - SUBJECT ADDED ENTRY--TOPICAL TERM
Topical term or geographic name entry element WORKING TIME REGULATIONS
690 ## - LOCAL SUBJECT ADDED ENTRY--TOPICAL TERM (OCLC, RLIN)
Topical term or geographic name as entry element BUILT ENVIRONMENT-BUILDING CONTRACT FORMS
942 ## - ADDED ENTRY ELEMENTS (KOHA)
Suppress in OPAC 0
Holdings
Withdrawn status Lost status Source of classification or shelving scheme Damaged status Not for loan Home library Current library Shelving location Date acquired Total Checkouts Full call number Barcode Date last seen Copy number Price effective from Koha item type
    Dewey Decimal Classification     London London Journal article 02/01/2001   ABS63258 110056-1001 06/08/2019 1 06/08/2019 Journal article